书目信息 |
| 题名: |
英汉最新医学词汇
|
|
| 作者: | 朱烨 编 | |
| 分册: | ||
| 出版信息: | 上海 上海外语教育出版社 1989.12 |
|
| 页数: | 553页 | |
| 开本: | 32开 | |
| 丛书名: | ||
| 单 册: | ||
| 中图分类: | R-61 | |
| 科图分类: | ||
| 主题词: | 医药学 | |
| 电子资源: | ||
| ISBN: | 7-81009-262-6 | |
| 000 | 00538nam0 2200193 45 | |
| 001 | 0010031108 | |
| 005 | 20001003111040.4 | |
| 010 | @a7-81009-262-6@d15.00元 | |
| 100 | @a20001003d1989 km y0chiy0120 ea | |
| 101 | 0 | @achi |
| 105 | @a z 000yy | |
| 200 | 1 | @a英汉最新医学词汇@AYing Han Zui Xin Yi Xue Ci Hui@f朱烨编@FZhu Ye Bian |
| 210 | @a上海@c上海外语教育出版社@d1989.12 | |
| 215 | @a553页@d32开 | |
| 606 | 0 | @a医药学 |
| 690 | @aR-61@v3 | |
| 701 | 0 | @a朱烨@4编 |
| 801 | @aCN@bPftUser@c20001003 | |
| 905 | @b163310-314@dR-61@eZH.075@f5 | |
| 英汉最新医学词汇/朱烨编.-上海:上海外语教育出版社,1989.12 |
| 553页;32开 |
| ISBN 7-81009-262-6:15.00元 |
| ● |
| 相关链接 |
|
|
|
正题名:英汉最新医学词汇
索取号:R-61/ZH.075
 
预约/预借
| 序号 | 登录号 | 条形码 | 馆藏地/架位号 | 状态 | 备注 |
| 1 | 163310 | 201633107 | 自科库401/401自科库 103排2列3层/ [索取号:R-61/ZH.075] | 在馆 | |
| 2 | 163311 | 201633116 | 自科库401/401自科库 103排2列3层/ [索取号:R-61/ZH.075] | 在馆 | |
| 3 | 163312 | 201633125 | 自科库401/401自科库 103排2列3层/ [索取号:R-61/ZH.075] | 在馆 | |
| 4 | 163313 | 201633134 | 自科库401/401自科库 103排2列3层/ [索取号:R-61/ZH.075] | 在馆 | |
| 5 | 163314 | 201633143 | 自科库401/401自科库 103排2列3层/ [索取号:R-61/ZH.075] | 在馆 |